[Event "CFriend AR-2003-F-00003 email"]
[Site "Chessfriend.com"]
[Date "2004.05.07"]
[Round "1"]
[White "Gutierrez, Renzo"]
[Black "Irzhanov, Timur"]
[Result "1-0"]
[WhiteElo "2292"]
[BlackElo "2274"]
[PlyCount "97"]
[EventDate "2004.??.??"]
[EventType "tourn (corr)"]
[EventRounds "12"]
[SourceTitle "Corr 2008"]
[Source "ChessBase"]
[SourceDate "2008.06.24"]
[SourceVersion "1"]
[SourceVersionDate "2008.06.24"]
[SourceQuality "1"]

1. e4 d6 2. d4 g6 3. Nc3 Bg7 4. Be3 c6 5. Qd2 Nd7 6. Nf3 b5 7. Bd3 Nb6 8. h3 Nf6 9. Bh6 0-0 10. e5 dxe5 11. dxe5 Nfd5 12. Bxg7 Kxg7 13. 0-0 a6 14. Ne4 Bf5 15. Rfe1 h6 16. Nc5 Nd7 17. Nb3 Bxd3 18. Qxd3 e6 19. c4 N5b6 20. c5 Nd5 21. Nfd4 Qg5 22. Qe4 a5 23. Nxc6 a4 24. Nbd4 Nxc5 25. Qe2 b4 26. Qf1 Nb7 27. Nf3 Qf4 28. Qb5 Nd8 29. Ncd4 h5 30. a3 Ra7 31. axb4 Rb7 32. Qxa4 Rxb4 33. Qa3 Nb7 34. Red1 Rc4 35. Qa6 Rb4 36. b3 Nc3 37. Rdc1 Rxd4 38. Rxc3 Rd7 39. Qb5 Rfd8 40. Re1 Kg8 41. Rc8 Re7 42. Qc6 Qh6 43. Rc7 Na5 44. Qc5 Rxc7 45. Qxc7 Rd5 46. Re4 g5 47. h4 gxh4 48. Rxh4 Kg7 49. g3 1-0

[Event "CFriend AR-2003-F-00003 email"]
[Site "Chessfriend.com"]
[Date "2004.05.07"]
[Round "1"]
[White "Petzold, Gunter"]
[Black "Irzhanov, Timur"]
[Result "1/2-1/2"]
[WhiteElo "2358"]
[BlackElo "2274"]
[PlyCount "42"]
[EventDate "2004.??.??"]
[EventType "tourn (corr)"]
[EventRounds "12"]
[SourceTitle "Corr 2008"]
[Source "ChessBase"]
[SourceDate "2008.06.24"]
[SourceVersion "1"]
[SourceVersionDate "2008.06.24"]
[SourceQuality "1"]

1. d4 Nf6 2. c4 g6 3. Nc3 Bg7 4. e4 d6 5. f4 0-0 6. Nf3 c5 7. d5 e6 8. Be2 exd5 9. cxd5 Bg4 10. 0-0 Nbd7 11. h3 Bxf3 12. Bxf3 Re8 13. g4 h6 14. h4 h5 15. g5 Ng4 16. Qb3 Qc7 17. Nb5 Qb6 18. Na3 Qc7 19. Nb5 Qb6 20. Nc3 Qc7 21. Nb5 Qb6 1/2-1/2

[Event "CFriend AR-2003-Q-00003 email"]
[Site "Chessfriend.com"]
[Date "2003.12.03"]
[Round "1"]
[White "Irzhanov, Timur"]
[Black "Litvinenko, Natalia"]
[Result "1-0"]
[WhiteElo "2274"]
[BlackElo "2127"]
[PlyCount "81"]
[EventDate "2003.??.??"]
[EventType "tourn (corr)"]
[EventRounds "12"]
[SourceTitle "Corr 2008"]
[Source "ChessBase"]
[SourceDate "2008.06.24"]
[SourceVersion "1"]
[SourceVersionDate "2008.06.24"]
[SourceQuality "1"]

1. d4 Nf6 2. c4 g6 3. Nf3 Bg7 4. g3 0-0 5. Bg2 d6 6. 0-0 Nbd7 7. Nc3 e5 8. e4 c6 9. h3 Re8 10. b3 exd4 11. Nxd4 Nc5 12. Re1 a5 13. Rb1 Nfd7 14. Be3 Qe7 15. f4 Nb6 16. Bf2 Bd7 17. Qc2 Rad8 18. Rbd1 a4 19. Bf1 axb3 20. Nxb3 Na8 21. Nxc5 dxc5 22. Qb2 Be6 23. Rxd8 Rxd8 24. e5 b6 25. Ne4 Qa7 26. Qb3 h6 27. Rd1 Rxd1 28. Qxd1 Qb8 29. a3 Kh7 30. g4 Kg8 31. Be3 Kh7 32. Nd6 Nc7 33. Qb1 Qa7 34. Qe4 Qxa3 35. f5 Bd5 36. cxd5 cxd5 37. Qd3 Qxd3 38. Bxd3 gxf5 39. Nxf7 d4 40. Bf4 Nd5 41. e6 1-0

[Event "CFriend AR-2003-Q-00003 email"]
[Site "Chessfriend.com"]
[Date "2003.12.03"]
[Round "1"]
[White "Kuhne, Detlev"]
[Black "Irzhanov, Timur"]
[Result "0-1"]
[WhiteElo "2334"]
[BlackElo "2274"]
[PlyCount "114"]
[EventDate "2003.??.??"]
[EventType "tourn (corr)"]
[EventRounds "12"]
[SourceTitle "Corr 2008"]
[Source "ChessBase"]
[SourceDate "2008.06.24"]
[SourceVersion "1"]
[SourceVersionDate "2008.06.24"]
[SourceQuality "1"]

1. d4 Nf6 2. c4 g6 3. Nc3 Bg7 4. e4 d6 5. Nf3 0-0 6. Be2 e5 7. 0-0 Nc6 8. d5 Ne7 9. b4 a5 10. Ba3 axb4 11. Bxb4 Nd7 12. a4 Bh6 13. a5 f5 14. Nd2 Nf6 15. c5 Bxd2 16. Qxd2 Nxe4 17. Nxe4 fxe4 18. cxd6 cxd6 19. Bc3 Nf5 20. Ra4 b6 21. a6 Qd7 22. Rfa1 b5 23. R4a3 Qa7 24. Bb4 Qb6 25. Ba5 Qd4 26. Bc3 Qxd2 27. Bxd2 Nd4 28. Bd1 Kf7 29. Bb4 Ke7 30. h3 h5 31. Kf1 Ra7 32. Ke1 g5 33. Bd2 g4 34. hxg4 hxg4 35. Be3 Rh8 36. Kd2 Kf6 37. Be2 Bd7 38. Ra5 Rha8 39. Bf1 b4 40. Rb1 Bc8 41. Rxb4 Bxa6 42. Rba4 Nb3+ 43. Ke1 Nxa5 44. Rxa5 Bxf1 45. Rxa7 Rxa7 46. Bxa7 Bxg2 47. Be3 Kf7 48. Ke2 Bf3+ 49. Kd2 Ke8 50. Ke1 g3 51. fxg3 Bh5 52. Kd2 Bf7 53. Bb6 Bxd5 54. Ke3 Bc6 55. g4 Ke7 56. g5 d5 57. Bc5+ Kf7 0-1